00432nam a22001577a 450000500170000001000150001702000260003203500130005803700130007108200150008410000180009924500520011726000280016927000480019730000290024520181228121951.0 aENG-108184 a9789380342641c150.00 aEN-91717 bDBAD/PUB a344.540327 aChinappan, K.10aTeaching of the child rights /cby K. Chinappan aThanjavirbAkaramc2013 aPlot No.1, Nirmala NagarbThanjavure613007 a288p. :c22cm(pbk)bill.